00890nam a2200229 a 4500001001000000003000500010005001700015008004100032010001100073011001100084040000900095100002600104245011900130260004100249500006000290502006900350650004100419650004000460650003300500650005700533856007000590000109622CHAP20220329144057.0140514s2014 mx sm |||||||spa d a106084 a107056 cCHAP1 aTorres Corral, Miguel10aProductores forestales y la superficie que cubren en el estado de Durangoh[En línea]cpor Miguel Torres Corral. aChapingo, Méx. :bEl autor,c2014. aPara ver el contenido del material haga clic en la liga aTesis (Ing. Forestal) -- UACH. División de Ciencias Forestales14aBosquesxServicios de información.14aBosquesxSistemas de información.14aInformación electrónica.14aProcesamiento automático de datos en silvicultura. aFinding aiduhttp://10.13.5.2/tesis/sist109622.pdfzTeclea aquí